Gaming Quiz

Random Gaming Quiz

Terraria npcs Quiz Stats

 Plays Quiz not verified by Sporcle

Score 0/26 Timer 02:30
0 Plays Today
Hint Answer % Correct
Spawns with you in a new worldguide
97.5%
Comes when you have 50 silvermerchant
95.8%
Arrives when you have more than 100 healthnurse
94.3%
Sells painting itemspainter
90.5%
She likes to party!party girl
87.3%
Appears after a goblin invasiongoblin tinkerer
79.2%
Sells a dye vatdye trader
78.1%
You find him on the beachangler
77.7%
She sells various plant itemsdryad
76%
Ho ho ho!santa
74.9%
Find her bound up in a dungeonmechanic
74.2%
Spawns after a pirate invasionpirate
69.6%
Sells guns and ammoarmsdealer
68.2%
Hint Answer % Correct
Sells explosivesdemolitionist
66.8%
Find her in a spider neststylist
65%
Spawns after defeating skeletronclothier
63.6%
Spawns after defeating queen beewitch doctor
61.8%
collects taxes from npcstax collector
56.9%
It's a living mushroomtruffle
56.2%
Found bound up undergroundwizard
56.2%
Chance to spawn any day and sells a random variety of loot traveling merchant
52.3%
Found outside the dungeonold man
50.9%
Spawns after defeating planteracyborg
50.5%
Can sell items to summon the old ones armytavernkeep
49.8%
Spawns after defeating a mechanical bosssteampunker
48.1%
A type of merchant undergroundskeleton merchant
43.5%

You're not logged in!

Compare scores with friends on all Sporcle quizzes.
OR
Log In

Show Comments

Extras

Created Jan 8, 2019ReportNominate
Tags:npc, Terraria

Top Quizzes Today


Score Distribution

Your Account Isn't Verified!

In order to create a playlist on Sporcle, you need to verify the email address you used during registration. Go to your Sporcle Settings to finish the process.

Report this User

Report this user for behavior that violates our Community Guidelines.

Details: